| 000 | 05875nam a2201657 a 4500 | ||
|---|---|---|---|
| 005 | 20240515105638.0 | ||
| 008 | 100310t2014||||ag a f |||| 001 0 spa d | ||
| 020 | _a9789871639328 | ||
| 041 | _aspa | ||
| 092 |
_c611.018 _l91 _sVEL |
||
| 100 | 1 |
_aVelán, Osvaldo _9803 |
|
| 245 |
_aEjercicios de anatomía / _cOsvaldo Velán |
||
| 250 | _a2a ed. corregida | ||
| 260 |
_aBuenos Aires: _bdelhospital ediciones; _c2014. |
||
| 300 |
_a270 p. _bil. _c30x21 cm. |
||
| 500 | _aVelán, O. et al. (2014). Ejercicios de anatomía. (2a ed.). Buenos Aires : delhospital ediciones. | ||
| 653 | _aPosición anatómica-planos. Términos de relación | ||
| 653 | _aMovimientos I | ||
| 653 | _aMovimientos II | ||
| 653 | _aPlano de corte | ||
| 653 | _aMétodos de diagnóstico por imágenes | ||
| 653 | _aEscala de grises en radiología | ||
| 653 | _aDensidades en TC (Unidades Haunsfield) | ||
| 653 | _aEntender las radiografías | ||
| 653 | _aUbique la lesión | ||
| 653 | _aInterpretando una radiografía | ||
| 653 | _aArticulación sinovial | ||
| 653 | _aMúsculos que vinculan a la escápula con el tronco | ||
| 653 | _aMúsculos que vinculan al húmero con la escápula | ||
| 653 | _aMúsculos que vinculan al húmero con el tronco | ||
| 653 | _aLa abducción del hombro | ||
| 653 | _aFlexión y extensión del codo | ||
| 653 | _aFracturas de radio | ||
| 653 | _aFracturas de radio. Alteraciones mecánicas | ||
| 653 | _aCortes transversales de miembro superior | ||
| 653 | _aMano y muñeca | ||
| 653 | _aPelvis: núcleos de osificación secundarios. Muslo: músculos | ||
| 653 | _aRegión glutea | ||
| 653 | _aLigamentos | ||
| 653 | _aCompartimiento interno del muslo | ||
| 653 | _aRegión posterior del muslo | ||
| 653 | _aRegiones | ||
| 653 | _aCompartimientos de la pierna | ||
| 653 | _aCompartimientos del pie y la pierna | ||
| 653 | _aPierna y pie. Músculos y tendones | ||
| 653 | _aHuesos del pie. Huesos accesorios | ||
| 653 | _aMúsculos, tendones y articulaciones | ||
| 653 | _aFlexión del raquis lumbar | ||
| 653 | _aPared abdominal: músculos | ||
| 653 | _aCabeza | ||
| 653 | _aSuturas y fontanelas | ||
| 653 | _aBase del Cráneo (cara interna) | ||
| 653 | _aMúsculos de la masticación | ||
| 653 | _aMúsculos de la mímica | ||
| 653 | _aOrbita y sus relaciones | ||
| 653 | _aRegión selar | ||
| 653 | _aOrificios y conductos del cráneo | ||
| 653 | _aEl temporal | ||
| 653 | _aFosas nasales | ||
| 653 | _aSenos paranasales en la tomografía computada | ||
| 653 | _aCuello y sus regiones | ||
| 653 | _aMúsculos del cuello | ||
| 653 | _aVértebra tipo | ||
| 653 | _aMedios de unión vertebrales | ||
| 653 | _aInvestigación esquelética | ||
| 653 | _aValgo y varo | ||
| 653 | _aLaringe (esqueleto y partes blandas) | ||
| 653 | _aAparato suspensor de la laringe | ||
| 653 | _aInervación de la laringe | ||
| 653 | _aPulmones y cisuras | ||
| 653 | _aSegmento bronquial y pulmonar | ||
| 653 | _aTráquea y bronquios | ||
| 653 | _aEl opérculo torácico | ||
| 653 | _aPleura | ||
| 653 | _a¿Porqué los pulmones permanecen expandidos? | ||
| 653 | _aLímites y relaciones del mediastino | ||
| 653 | _aRadiografía del tórax | ||
| 653 | _aCorrelación radiológica | ||
| 653 | _aEjercicio: cortes tomográficos | ||
| 653 | _aCasos problemas; ¿Qé pasa si...? | ||
| 653 | _aAparato circulatorio | ||
| 653 | _aSistema de la vena ácigos y conducto torácico | ||
| 653 | _aRelaciones del corazón | ||
| 653 | _aCirculación arterial y venosa del corazón | ||
| 653 | _aPericardio | ||
| 653 | _aMediastino | ||
| 653 | _aAorta torácica | ||
| 653 | _aAorta abdominal | ||
| 653 | _aCirculación esplácnica. Sistema porta | ||
| 653 | _aCirculación esplácnica;Estómago, duodeno y colon | ||
| 653 | _aCarótida externa y sus ramas | ||
| 653 | _aArterias del endocráneo | ||
| 653 | _aDrenaje venoso del encéfalo | ||
| 653 | _aVasos-hueco poplíteo | ||
| 653 | _aSistema venoso | ||
| 653 | _aVenas de los miembros | ||
| 653 | _aTronboembolismo | ||
| 653 | _aArterias y nervios del miembro inferior | ||
| 653 | _aArterias del miembro superior | ||
| 653 | _aVías de conducción | ||
| 653 | _aRelaciones vasculares I | ||
| 653 | _aRelaciones vasculares II | ||
| 653 | _aBoca y dientes | ||
| 653 | _aLa encrucijada aerodigestiva | ||
| 653 | _aMúsculos de la faringe | ||
| 653 | _aRelaciones y divisiones de la faringe | ||
| 653 | _aPared abdominal. División topográfica de la pared abdominal anterior | ||
| 653 | _aCavidad abdominal | ||
| 653 | _aEspacios peritoneales | ||
| 653 | _aTubo digestivo | ||
| 653 | _aEstómago | ||
| 653 | _aIntestino grueso I y II | ||
| 653 | _aSegmentación hepática | ||
| 653 | _aHigado y vía biliar | ||
| 653 | _aAnatomía de superficie | ||
| 653 | _aConducto inguinal | ||
| 653 | _aRetroperitoneo | ||
| 653 | _aRiñon | ||
| 653 | _aAnomalías de los uréteres y los riñones | ||
| 653 | _aFormando orina | ||
| 653 | _aRelaciones de la vejiga | ||
| 653 | _aGenital femenino | ||
| 653 | _aEstructura y anomalías morfológicas del útero | ||
| 653 | _aUrogenital masculino | ||
| 653 | _aTestículo | ||
| 653 | _aGlándulas endócrinas | ||
| 653 | _aGlándulas tiroides y paratiroides | ||
| 653 | _aGlándulas suprarrenales | ||
| 653 | _aLa mama | ||
| 653 | _aIrrigación de la mama | ||
| 653 | _aPáncreas y sus relaciones | ||
| 700 | 1 |
_aBaccanelli, Matteo _eCol. _93456 |
|
| 700 | 1 |
_aLancellotta, Pablo _eCol. _93457 |
|
| 700 | 1 |
_aZabaljauregui, Cecilia _eCol. _93458 |
|
| 700 | 1 |
_aAtilmis, Yanser _eCol. _93459 |
|
| 700 | 1 |
_aFasano, Francisco _eCol. _93460 |
|
| 700 | 1 |
_aLopez Meyer, Juan Cruz _eCol. _93461 |
|
| 700 | 1 |
_aOrlova, María _eCol. _93462 |
|
| 700 | 1 |
_aFelitti, Fernando _eCol. _93463 |
|
| 942 |
_2ddc _cBK |
||
| 999 |
_c2606 _d2606 |
||